000 00612nam a22002177a 4500
003 UA-OsUOA
001 57219
007 ta
008 20081205b un ||||| |||| 00| 0 ukr d
100 _aДержавний комітет статистики України
090 _a330(477)
_bД-56
942 _cSA
040 _aUA-OsUOA
_bukr
_cUA-OsUOA
_dUA-OsUOA
245 _aЕкономіка України за січень-жовтень 2008 року
300 _aС.6-7
955 _a0
041 _aukr
080 _a330(477)
773 0 _w57218
650 7 _a330 Економіка взагалі
_2UDC
999 _c343298
_d343298